Organizational Behavior : (Record no. 33536)

MARC details
000 -LEADER
fixed length control field 00493nam a22001937a 4500
005 - DATE AND TIME OF LATEST TRANSACTION
control field 20230926110004.0
008 - FIXED-LENGTH DATA ELEMENTS--GENERAL INFORMATION
fixed length control field 230913b |||||||| |||| 00| 0 eng d
020 ## - INTERNATIONAL STANDARD BOOK NUMBER
ISBN 9781133953609
082 ## - DEWEY DECIMAL CLASSIFICATION NUMBER
Classification number 658.3
Item number PHI-O
100 ## - MAIN ENTRY--AUTHOR
Author Name Phillips; Jean.M
245 ## - TITLE STATEMENT
Title Organizational Behavior :
Remainder of title Tools for Success
250 ## - EDITION STATEMENT
Edition statement 2nd.ed
260 ## - PUBLICATION, DISTRIBUTION, ETC.
Place of Publication USA
Name of publisher, distributor, etc. South Westren Publisher
Date of publication, distribution, etc. 2014
300 ## - PHYSICAL DESCRIPTION
Pages 574
500 ## - GENERAL NOTE
General note Include Index
650 ## - SUBJECT ADDED ENTRY--TOPICAL TERM
Subject / Department Management
700 ## - ADDED ENTRY--PERSONAL NAME
Personal name Phillips; Jean.M
952 ## - LOCATION AND ITEM INFORMATION (KOHA)
-- 0
-- 0
Holdings
Lost status Damaged status Permanent Location Current Location Shelving Location Date acquired Full Call Number Accession No./Barcode Date last seen item type
    Superior Information Resource Center (SIRC) Superior University- Main Campus Superior Information Resource Center (SIRC) Superior University- Main Campus Management 09/13/2023 658.3 PHI-O 2014 20422 09/13/2023 BOOK

Powered by Koha